01890nam a2200397 a 4500001001000000003000900010005001700019007001000036008004100046020001800087040002200105082001800127100005000145245011900195260007500314300003600389490002400425490001500449500003400464500005700498600005000555650004700605650004400652651005700696700003600753730004500789830003600834910003900870942001200909945002700921952015900948952016701107952016501274956003801439999001501477000010973DO-SdBNP20170925101222.0000010973091013s2009 dr c 001 0 spa d a9789993431275 aBPMSUbspacBPMSU 4a384.54bN964g1 aNúñez Fernández, José Antonio,d1928-13aLa guerra de locutores :babril 1965 /cJosé Antonio Núñez Fernández ; compilador Pedro Pablo Fernández. aSanto Domingo :bBiblioteca Nacional Pedro Henríquez Ureña,c2009. a163 [10] p. :bretrs. ;c23 cm.1 aBiblioteca Nacional1 aTestimonio aIncluye índice onomástico aIncluye datos biográficos del autor en las solapas14aNÚÑEZ FERNÁNDEZ, JOSÉ ANTONIO,d1928- 4aLOCUTORES DE RADIOzREPÚBLICA DOMINICANA 4aRADIODIFUSIÓNzREPÚBLICA DOMINICANA 4aREPÚBLICA DOMINICANAxHISTORIAyREVOLUCIÓN, 19651 aFernández, Pedro Pabloecomp.0 aRadio San Isidro (Repúblia Dominicana) 0aBiblioteca NacionalpTestimonio aValidado. Control de calidad BNPHU 2ddccBK aInventariado / 2017 VM 00102ddc40708CDaBPMETbBPMETd2015-02-05eBiblioteca Nacional Pedro Henríquez Ureñal0o384.54 N964gpBPMSU15041102r2015-02-05w2015-02-05yBK 00102ddc40708CDaBPMETbBPMETd2015-02-05eBiblioteca Nacional Pedro Henríquez Ureña l0o384.54 N964gpBPMSU15041103r2015-02-05t e. 2w2015-02-05yBK 00102ddc40708CDaBPMETbBPMETd2015-02-05eBiblioteca Nacional Pedro Henríquez Ureñal0o384.54 N964gpBPMSU15041104r2015-02-05te. 3w2015-02-05yBK aVMATEOb10c20100118lBPMSUh0069 c7351d7351